000 00396nam a2200133 a 4500
005 20140414132109.0
008 110512s19uu xx 00 eng d
050 _aFIC
_bB43 2006
100 _aBenton, Jim.
245 _aCan adults become human?. /
_cby Jamie Kelly.
260 _aNew York :
_bScholastic Inc.,
_c2006.
650 _aKelly, Jamie (Fictitious character)
_x Fiction.
999 _c114705
_d114705